Situación actual en la mitilicultura en Puerto Almanza (Registro nro. 22857)

Detalles MARC
000 -LEADER
fixed length control field 00490 a2200157 4500
001 - CONTROL NUMBER
control field ART_23602
005 - DATE AND TIME OF LATEST TRANSACTION
control field 20260410161827.0
008 - FIXED-LENGTH DATA ELEMENTS--GENERAL INFORMATION
fixed length control field 260409a
100 1# - MAIN ENTRY--PERSONAL NAME
Personal name Pagani, Andrea Noemí
245 10 - TITLE STATEMENT
Title Situación actual en la mitilicultura en Puerto Almanza
700 1# - ADDED ENTRY--PERSONAL NAME
Personal name Gualdoni, Patricia Alejandra
700 1# - ADDED ENTRY--PERSONAL NAME
Personal name Bertolotti, María Isabel
700 1# - ADDED ENTRY--PERSONAL NAME
Personal name Errazti, Elizabeth
700 1# - ADDED ENTRY--PERSONAL NAME
Personal name Fosati, Juan
773 0# - HOST ITEM ENTRY
Title FACES
Related parts - Año 18, Nº 38/39 (ene./dic. 2012)
Record control number REV5046

No hay ítems disponibles.